| 000 | 00710nam a2200289Ia 4500 | ||
|---|---|---|---|
| 005 | 20260324111652.0 | ||
| 008 | 008 260324s9999 xx 000 0 eng d | ||
| 020 | _a9781032647203 | ||
| 037 | _aEBOOK | ||
| 040 | _aCRL | ||
| 040 | _beng | ||
| 040 | _cCRL | ||
| 041 | _2eng | ||
| 041 | _aeng | ||
| 084 | _qCRL | ||
| 100 |
_aAdedeji B. Badiru _91139254 |
||
| 245 | 0 | _aProject Management for the Oil and Gas Industry | |
| 245 | 0 | _bAgile Systems and Environmental Concerns | |
| 260 | _bTaylor and Francis | ||
| 260 | _c2025 | ||
| 365 | _a | ||
| 365 | _b225 | ||
| 856 | _uhttp://www.taylorfrancis.com/books/9781032647203 | ||
| 942 | _cEBOOK | ||
| 999 |
_c1728421 _d1728421 |
||